المرجع في الفيزيولوجيا الطبية / (رقم التسجيلة. 112157)

تفاصيل مارك
000 -LEADER
fixed length control field 00786nam a22002417a 4500
005 - DATE AND TIME OF LATEST TRANSACTION
control field 20251108174544.0
008 - FIXED-LENGTH DATA ELEMENTS--GENERAL INFORMATION
fixed length control field 250721s9999 xx 000 0 ara d
082 14 - DEWEY DECIMAL CLASSIFICATION NUMBER
Classification number م/610/غاي
100 1# - MAIN ENTRY--PERSONAL NAME
Personal name غايتون، ارثر
Relator term مؤلف
245 10 - TITLE STATEMENT
Title المرجع في الفيزيولوجيا الطبية /
264 1# - PRODUCTION, PUBLICATION, DISTRIBUTION, MANUFACTURE, AND COPYRIGHT NOTICE
Place of production, publication, distribution, manufacture دمشق :
Name of producer, publisher, distributor, manufacturer دار المنجد،
300 ## - PHYSICAL DESCRIPTION
Extent 1064
650 17 - SUBJECT ADDED ENTRY--TOPICAL TERM
Topical term or geographic name as entry element الطب
650 17 - SUBJECT ADDED ENTRY--TOPICAL TERM
Topical term or geographic name as entry element جهاز القلب الوعااي
650 17 - SUBJECT ADDED ENTRY--TOPICAL TERM
Topical term or geographic name as entry element تخطيط القلب الكهربااي
650 17 - SUBJECT ADDED ENTRY--TOPICAL TERM
Topical term or geographic name as entry element خلايا الدم
650 17 - SUBJECT ADDED ENTRY--TOPICAL TERM
Topical term or geographic name as entry element الجهاز العصبي
700 1# - ADDED ENTRY--PERSONAL NAME
Personal name الرفاعي، محمد
Relator term مترجم
700 1# - ADDED ENTRY--PERSONAL NAME
Personal name مخلوف، طوني
Relator term مترجم
700 1# - ADDED ENTRY--PERSONAL NAME
Personal name محفوض، فادي دعاس
Relator term مترجم
942 ## - ADDED ENTRY ELEMENTS (KOHA)
Source of classification or shelving scheme Dewey Decimal Classification
Koha item type كتب
المقتنيات
حالة السحب حالة الفقدان مصدر التصنيف حالة التلف غير قابل للإعارة المكتبة الرئيسية المكتبة الحالية موقع الرف تاريخ التزويد الرقم المتسلسل Total Checkouts رقم الإستدعاء الباركود تاريخ آخر ظهور تاريخ الفاتورة نوع المادة (كوها)
    Dewey Decimal Classification     المكتبة المركزية المكتبة المركزية الأطفال 28/07/2025 893262   م/610/غاي PLD00010410 28/07/2025 28/07/2025 كتب
Implemented & Customized by: BBB with SCIT (Smart Chains for Information Technology)

Powered by Koha